000 00865cab a2200277 4500
001 ABS58715
008 090401t1998 xxu||||| |||| 00| 0 eng d
035 _a(Sirsi) u86340
041 _aeng
100 _aSantry, C.
245 _aInvestment on thr curriculum
260 _c1998
350 _a0
490 _aContract Journal
_v393(6176) 20 May 1998, 20-23(4)
520 _aReports on opportunities to contractors now that PFI deals in the education sector are beginning to emerge. Table of education PFI projects in the pipeline.
650 _aEDUCATION SECTOR
650 _aHIGHER EDUCATION SECTOR
650 _aLOCAL EDUCATION AUTHORITIES
650 _aPFI PROJECTS
650 _aPFI
650 _aPRIVATE FINANCE INITIATIVE
650 _aSCHOOLS
690 _aPROPERTY-PROPERTY FINANCE AND INVESTMENT
942 _n0
948 _c21/05/1998
999 _c54332
_d54332